KOHA-Header-6

Principles Marketing (Record no. 9139)

000 -LEADER
fixed length control field 00257nam a2200109Ia 4500
100 ## - MAIN ENTRY--AUTHOR NAME
Personal name Kotler
245 #0 - TITLE STATEMENT
Title Principles Marketing
260 ## - PUBLICATION, DISTRIBUTION, ETC. (IMPRINT)
Place of publication New Delhi
Name of publisher Bantam Books Inc
Year of publication 2001
300 ## - PHYSICAL DESCRIPTION
Number of Pages 395
942 ## - ADDED ENTRY ELEMENTS (KOHA)
Koha item type Books
Holdings
Withdrawn status Lost status Collection code Permanent Location Current Location Shelving location Date acquired Full call number Accession Number Koha item type
    Marketing MAJU MAJU   2019-09-14 658.848 4511 Books

Powered by Koha